Statistics for Top 20 Official Languages by Total Population Covered

Click here to take the quiz!

General Stats

  • This quiz has been taken 535 times
  • The average score is 17 of 20

Answer Stats

PopLanguage% Correct
2,704,575,018 English
100%
448,907,918 French
99%
451,994,788 Spanish
99%
1,416,159,767 Chinese
98%
278,601,838 Portuguese
98%
436,780,225 Arabic
96%
1,322,710,000 Hindustani (Hindi)
96%
180,519,443 Russian
96%
112,042,302 German
95%
126,670,000 Japanese
92%
261,890,900 Malay (Indonesian)
90%
76,937,201 Korean
85%
80,513,300 Persian
83%
80,663,171 Turkish
77%
93,700,000 Vietnamese
77%
163,325,000 Bengali
75%
209,277,000 Hindustani (Urdu)
75%
104,755,000 Filipino
74%
144,683,662 Swahili
67%
94,352,000 Amharic
42%

Score Distribution

Percentile by Number Answered

Percent of People with Each Score

Your Score History

You have not taken this quiz